000 00249nam a2200097Ia 4500
001 1080581
005 20250827002449.0
008 250824s9999 xx 000 0 und d
245 0 _aFARELER VE İNSANLAR
_cJOHN STEİNBECK
260 _bREMZİ KİTABEVİ
999 _c1080581
_d1080581